[Event "Santa Margalida Mallorca-ch"]
[Site "Santa Margalida"]
[Date "2016.11.19"]
[Round "4"]
[White "Sastre Torrandell, Miquel"]
[Black "Antich Fernandez, Marta Isabel"]
[Result "1-0"]
[WhiteElo "1536"]
[BlackElo "1229"]
[PlyCount "61"]
[EventDate "2016.11.11"]
[EventType "swiss"]
[EventRounds "8"]
[EventCountry "ESP"]
[SourceTitle "EXT 2018"]
[Source "ChessBase"]
[SourceDate "2017.10.13"]
[SourceVersion "1"]
[SourceVersionDate "2017.10.13"]
[SourceQuality "1"]

1. d4 e6 2. Nf3 d5 3. c4 b6 4. Nc3 Nf6 5. Bg5 Bb7 6. Ne5 Be7 7. Qa4+ c6 8. cxd5 exd5 9. g3 0-0 10. Bg2 Nh5 11. Bxe7 Qxe7 12. 0-0 c5 13. Nxd5 Qg5 14. f4 Qd8 15. Nf6+ gxf6 16. Bxb7 b5 17. Qd1 fxe5 18. dxe5 Qb6 19. Bxa8 c4+ 20. Rf2 Nc6 21. Bxc6 Qxc6 22. e3 Qg6 23. Qf3 f5 24. Rd1 a5 25. Rd6 Qg4 26. Qd5+ Kh8 27. Rd8 Rg8 28. Rxg8+ Qxg8 29. Rd2 Ng7 30. Qd8 Ne8 31. Qe7 1-0

[Event "Santa Margalida Mallorca-ch"]
[Site "Santa Margalida"]
[Date "2016.11.11"]
[Round "1"]
[White "Queirolo Perez, Manuel"]
[Black "Sastre Torrandell, Miquel"]
[Result "1-0"]
[WhiteElo "2059"]
[BlackElo "1536"]
[PlyCount "69"]
[EventDate "2016.11.11"]
[EventType "swiss"]
[EventRounds "8"]
[EventCountry "ESP"]
[SourceTitle "EXT 2018"]
[Source "ChessBase"]
[SourceDate "2017.10.13"]
[SourceVersion "1"]
[SourceVersionDate "2017.10.13"]
[SourceQuality "1"]

1. e4 c5 2. Nf3 g6 3. d4 cxd4 4. Nxd4 Nc6 5. Nc3 Bg7 6. Be3 Nf6 7. Nb3 0-0 8. Be2 d6 9. g4 a6 10. g5 Ne8 11. h4 e6 12. Qd2 b5 13. a3 Bb7 14. h5 Rc8 15. hxg6 fxg6 16. Bg4 Qe7 17. f4 Nb8 18. Nd4 Nc7 19. Qh2 Bh8 20. Nxe6 Rf7 21. Qh3 Bxc3+ 22. bxc3 Bxe4 23. 0-0 Bf5 24. Bxf5 Rxf5 25. Nd4 Rff8 26. Rae1 Qd7 27. f5 Nc6 28. Nxc6 Qxc6 29. f6 Qxc3 30. f7+ Kh8 31. Qg4 h5 32. Bd4+ Kh7 33. Bxc3 hxg4 34. Re2 g3 35. Re4 1-0

[Event "Balears-ch Amateurs"]
[Site "Palma de Mallorca"]
[Date "2016.03.26"]
[Round "4"]
[White "Morant Sampol, Jaime"]
[Black "Sastre Torrandell, Miquel"]
[Result "1-0"]
[WhiteElo "1789"]
[BlackElo "1466"]
[PlyCount "57"]
[EventDate "2016.03.24"]
[EventType "swiss"]
[EventRounds "6"]
[EventCountry "ESP"]
[SourceTitle "CBM 171 Extra"]
[Source "ChessBase"]
[SourceDate "2016.04.26"]
[SourceVersion "1"]
[SourceVersionDate "2016.04.26"]
[SourceQuality "1"]

1. e4 c5 2. Nc3 d6 3. Bc4 Nc6 4. Nf3 Nf6 5. d4 cxd4 6. Nxd4 a6 7. Nxc6 bxc6 8. e5 Ng8 9. Qf3 d5 10. Nxd5 Be6 11. Ne3 Qc8 12. 0-0 g6 13. b3 Bg7 14. Bb2 Nh6 15. h3 0-0 16. Rad1 Rb8 17. Rd2 f6 18. Bxe6+ Qxe6 19. exf6 Bxf6 20. Bxf6 Rxf6 21. Qg3 Rbf8 22. Rfd1 Nf5 23. Nxf5 Qxf5 24. Qc3 Qg5 25. Qc4+ Kg7 26. Qd4 Kg8 27. Qe4 Rf3 28. h4 R3f4 29. Qe6+ 1-0